Intercessory prayer / (Record no. 2643)

MARC details
000 -LEADER
fixed length control field 01005cam a2200325 a 4500
001 - CONTROL NUMBER
control field 215791
003 - CONTROL NUMBER IDENTIFIER
control field GBCCL
005 - DATE AND TIME OF LATEST TRANSACTION
control field 20241126110434.0
008 - FIXED-LENGTH DATA ELEMENTS--GENERAL INFORMATION
fixed length control field 960912s1996 cau b 001 0 eng
010 ## -
-- 96036578
020 ## - INTERNATIONAL STANDARD BOOK NUMBER
International Standard Book Number 0830718885 (hardcover)
020 ## - INTERNATIONAL STANDARD BOOK NUMBER
International Standard Book Number 9780830718887 (hardcover)
020 ## - INTERNATIONAL STANDARD BOOK NUMBER
International Standard Book Number 0830719008 (trade paper)
020 ## - INTERNATIONAL STANDARD BOOK NUMBER
International Standard Book Number 9780830719006 (trade paper)
035 ## - SYSTEM CONTROL NUMBER
System control number (OCoLC)ocm35586700
035 ## - SYSTEM CONTROL NUMBER
System control number (OCoLC)35586700
040 ## - CATALOGING SOURCE
Original cataloging agency DLC
Transcribing agency DLC
Modifying agency BAKER
-- BTCTA
-- YDXCP
-- LBB
049 ## -
-- LBBK
-- LBBA
050 00 -
-- BV210.2
-- .S5125 1996
082 00 - DEWEY DECIMAL CLASSIFICATION NUMBER
Classification number 248.32
Edition information 20
Item number SHE
090 ## - LOCALLY ASSIGNED LC-TYPE CALL NUMBER (OCLC); LOCAL CALL NUMBER (RLIN)
Classification number (OCLC) (R) ; Classification number, CALL (RLIN) (NR) BV210.2
Local cutter number (OCLC) ; Book number/undivided call number, CALL (RLIN) .S5125 1996
100 1# - MAIN ENTRY--PERSONAL NAME
Personal name Sheets, Dutch.
9 (RLIN) 5579
245 10 - TITLE STATEMENT
Title Intercessory prayer /
Statement of responsibility, etc. Dutch Sheets.
260 ## - PUBLICATION, DISTRIBUTION, ETC.
Place of publication, distribution, etc. Ventura, Calif., U.S.A. :
Name of publisher, distributor, etc. Regal,
Date of publication, distribution, etc. c1996.
300 ## - PHYSICAL DESCRIPTION
Extent 275 p. ;
Dimensions 22 cm.
504 ## - BIBLIOGRAPHY, ETC. NOTE
Bibliography, etc. note Includes bibliographical references (p. [263]-264) and indexes.
520 ## - SUMMARY, ETC.
Summary, etc. Christian Library of Lancaster Collection.
650 #0 - SUBJECT ADDED ENTRY--TOPICAL TERM
Topical term or geographic name entry element Intercessory prayer.
9 (RLIN) 3840
942 ## - ADDED ENTRY ELEMENTS (KOHA)
Source of classification or shelving scheme Dewey Decimal Classification
Koha item type Books
Holdings
Withdrawn status Lost status Source of classification or shelving scheme Damaged status Not for loan Home library Current Library Shelving location Date acquired Total checkouts Full call number Barcode Date last seen Copy number Price effective from Koha item type
    Dewey Decimal Classification     GRACE BIBLE COLLEGE GRACE BIBLE COLLEGE Ministry & Mission 2017-09-07   248.32 SHE 011034 2025-05-01 c.5 2017-09-07 Books
    Dewey Decimal Classification     GRACE BIBLE COLLEGE GRACE BIBLE COLLEGE Ministry & Mission 2017-09-07   248.32 SHE 011035 2025-05-01 c.6 2017-09-07 Books
    Dewey Decimal Classification     GRACE BIBLE COLLEGE GRACE BIBLE COLLEGE Ministry & Mission 2017-09-07   248.32 SHE 011036 2025-05-01 c.7 2017-09-07 Books
    Dewey Decimal Classification     GRACE BIBLE COLLEGE GRACE BIBLE COLLEGE Ministry & Mission 2017-09-07   248.32 SHE 011037 2025-05-01 c.8 2017-09-07 Books
    Dewey Decimal Classification     GRACE BIBLE COLLEGE GRACE BIBLE COLLEGE Ministry & Mission 2017-09-07   248.32 SHE 011556 2025-05-01 c.11 2017-09-07 Books
    Dewey Decimal Classification     GRACE BIBLE COLLEGE GRACE BIBLE COLLEGE Ministry & Mission 2017-09-07   248.32 SHE 011557 2025-05-01 c.12 2017-09-07 Books
    Dewey Decimal Classification     GRACE BIBLE COLLEGE GRACE BIBLE COLLEGE Ministry & Mission 2017-09-07   248.32 SHE 011031 2025-05-01 c.2 2017-09-07 Books
    Dewey Decimal Classification     GRACE BIBLE COLLEGE GRACE BIBLE COLLEGE Ministry & Mission 2017-09-20   248.32 SHE 011033 2025-05-01 c.4 2017-09-20 Books
    Dewey Decimal Classification     GRACE BIBLE COLLEGE GRACE BIBLE COLLEGE Ministry & Mission 2017-09-21   248.32 SHE 011030 2025-05-01 c.1 2017-09-21 Books
    Dewey Decimal Classification     GRACE BIBLE COLLEGE GRACE BIBLE COLLEGE Ministry & Mission 2017-09-21   248.32 SHE 011032 2025-05-01 c.3 2017-09-21 Books
    Dewey Decimal Classification     GRACE BIBLE COLLEGE GRACE BIBLE COLLEGE Ministry & Mission 2017-09-21   248.32 SHE 011038 2025-05-01 c.9 2017-09-21 Books
    Dewey Decimal Classification     GRACE BIBLE COLLEGE GRACE BIBLE COLLEGE Ministry & Mission 2017-09-21   248.32 SHE 011039 2025-05-01 c.10 2017-09-21 Books
© Grace Bible College Library 2025